000 00307nam a2200109Ia 4500
008 171211s9999 xx 000 0 und d
245 _aStrokes of Genius: The Best of Drawing
245 _cRachel Rubin Wolf
260 _c2007
650 _xDrawing
856 _uhttp://down.ebook777.com/002/StrokesGenius.pdf
999 _c348040
_d348040